| 000 | 00481cam a2200193ua 4500 | ||
|---|---|---|---|
| 020 | _cRs 4.30 | ||
| 041 |
_aeng _h |
||
| 082 |
_a823.308 _bKIN/LU |
||
| 100 | _aKingsley, Amis . | ||
| 245 |
_aLucky Jim / _cAmis Kingsley. _hTextual Documents |
||
| 260 |
_aLondon : _bLongman Green and Co , _c1965. |
||
| 300 | _a154 ; . | ||
| 365 | _aRs 4.30 | ||
| 440 | 0 |
_aBridge Series, _v _x; |
|
| 490 | 0 |
_aBridge Series, _v _x; |
|
| 504 | _a | ||
| 942 | _cBK | ||
| 999 |
_c3990 _d3990 |
||